000 00425nam a2200169Ia 4500
003 GCL
008 140319s9999 xx 000 0 eng d
040 _aGCL /
_cGCL
082 0 4 _a743.4
_bC F
100 1 _aCUTHBERT, DAVID
245 1 0 _aFIGURES /
_cCUTHBERT, DAVID
260 _a[S.N] :
_bTHE APPLE PRESS ،
_c1994
300 _a64 P
650 0 4 _aDRAWING HUMAN FIGURES
650 0 4 _aDRAUING & DRAUINGS
942 _2ddc
_cBK
999 _c12724
_d12724